[Event "WCO 2016"]
[Site "?"]
[Date "2016.09.11"]
[Round "9"]
[Board "30"]
[WhiteID "616753"]
[White "Strugnell Carl"]
[BlackID "4900847"]
[Black "Batchuluun Tsegmed"]
[Result "0-1"]
[BlackElo "2513"]
[WhiteElo "2239"]
[LiveChessVersion "1.4.8"]

1. e4 {[%clk 1:30:56]} e5 {[%clk 1:30:28]} 2. Nf3 {[%clk 1:31:20]} Nc6
{[%clk 1:30:51]} 3. Bb5 {[%clk 1:31:46]} a6 {[%clk 1:29:11]} 4. Ba4
{[%clk 1:32:09]} Nf6 {[%clk 1:29:36]} 5. O-O {[%clk 1:32:35]} Be7
{[%clk 1:29:30]} 6. Re1 {[%clk 1:32:58]} b5 {[%clk 1:29:55]} 7. Bb3
{[%clk 1:33:23]} d6 {[%clk 1:30:22]} 8. a4 {[%clk 1:33:37]} Bb7 {[%clk 1:26:19]}
9. d3 {[%clk 1:33:21]} O-O {[%clk 1:26:43]} 10. Nbd2 {[%clk 1:33:17]} h6
{[%clk 1:22:53]} 11. Nf1 {[%clk 1:31:48]} Re8 {[%clk 1:23:16]} 12. Bd2
{[%clk 1:30:57]} Bf8 {[%clk 1:23:33]} 13. Ng3 {[%clk 1:21:52]} Qd7
{[%clk 1:15:38]} 14. Nf5 {[%clk 1:13:20]} d5 {[%clk 1:09:34]} 15. axb5
{[%clk 1:11:31]} axb5 {[%clk 1:09:57]} 16. Rxa8 {[%clk 1:11:57]} Bxa8
{[%clk 1:10:23]} 17. c3 {[%clk 0:58:34]} dxe4 {[%clk 1:04:09]} 18. dxe4
{[%clk 0:58:51]} Na5 {[%clk 1:04:32]} 19. Bc2 {[%clk 0:50:07]} Nc4
{[%clk 1:04:30]} 20. Qc1 {[%clk 0:41:09]} Rd8 {[%clk 0:30:49]} 21. Rd1
{[%clk 0:29:23]} Qe6 {[%clk 0:26:48]} 22. Ng3 {[%clk 0:26:16]} Nxd2
{[%clk 0:21:07]} 23. Rxd2 {[%clk 0:25:08]} Rxd2 {[%clk 0:20:11]} 24. Nxd2
{[%clk 0:23:35]} c5 {[%clk 0:20:03]} 25. c4 {[%clk 0:20:53]} bxc4
{[%clk 0:16:27]} 26. Bb1 {[%clk 0:20:59]} h5 {[%clk 0:16:40]} 27. f3
{[%clk 0:12:37]} h4 {[%clk 0:16:10]} 28. Nf5 {[%clk 0:13:00]} h3 {[%clk 0:09:29]}
29. g3 {[%clk 0:13:23]} g6 {[%clk 0:09:43]} 30. Ne3 {[%clk 0:13:11]} Bh6
{[%clk 0:09:42]} 31. Ndf1 {[%clk 0:10:27]} Bc6 {[%clk 0:04:47]} 32. Ba2
{[%clk 0:09:11]} Qd7 {[%clk 0:02:12]} 33. Qxc4 {[%clk 0:06:24]} Bb5
{[%clk 0:02:20]} 34. Qxc5 {[%clk 0:05:13]} Qd3 {[%clk 0:02:21]} 35. Bc4
{[%clk 0:00:44]} Bxe3+ {[%clk 0:01:07]} 36. Nxe3 {[%clk 0:01:12]} Bxc4
{[%clk 0:01:32]} 37. Nxc4 {[%clk 0:01:21]} Qxf3 {[%clk 0:00:35]} 38. Qc8+
{[%clk 0:01:11]} Kg7 {[%clk 0:00:51]} 39. Qxh3 {[%clk 0:01:39]} Qxe4
{[%clk 0:00:34]} 40. Qf1 {[%clk 0:31:53]} Qd4+ {[%clk 0:30:35]} 41. Kg2
{[%clk 0:31:36]} Ng4 {[%clk 0:24:35]} 42. b3 {[%clk 0:25:13]} Qe4+
{[%clk 0:23:08]} 43. Kh3 {[%clk 0:24:39]} f5 {[%clk 0:21:55]} 44. Qg2
{[%clk 0:24:35]} Qd3 {[%clk 0:20:14]} 45. Qd2 {[%clk 0:19:22]} Qf1+
{[%clk 0:12:03]} 46. Kh4 {[%clk 0:18:55]} Nf2 {[%clk 0:12:02]} 0-1

[Event "WCO 2016"]
[Site "?"]
[Date "2016.09.11"]
[Round "9"]
[Board "31"]
[WhiteID "4901541"]
[White "Bilguun Sumiya"]
[BlackID "1801210"]
[Black "Kett Tim"]
[Result "1-0"]
[BlackElo "2227"]
[WhiteElo "2444"]
[LiveChessVersion "1.4.8"]

1. e4 {[%clk 1:30:57]} e5 {[%clk 1:30:49]} 2. Nf3 {[%clk 1:31:18]} Nc6
{[%clk 1:31:04]} 3. Bb5 {[%clk 1:31:35]} a6 {[%clk 1:31:14]} 4. Ba4
{[%clk 1:31:58]} Nf6 {[%clk 1:31:33]} 5. O-O {[%clk 1:32:10]} Be7
{[%clk 1:31:53]} 6. Re1 {[%clk 1:32:19]} b5 {[%clk 1:32:09]} 7. Bb3
{[%clk 1:32:44]} d6 {[%clk 1:31:56]} 8. c3 {[%clk 1:33:00]} O-O {[%clk 1:32:12]}
9. h3 {[%clk 1:33:25]} Bb7 {[%clk 1:31:53]} 10. d4 {[%clk 1:33:43]} Nd7
{[%clk 1:31:52]} 11. Nbd2 {[%clk 1:28:46]} exd4 {[%clk 1:31:50]} 12. cxd4
{[%clk 1:29:03]} Na5 {[%clk 1:32:05]} 13. Bc2 {[%clk 1:28:54]} Re8
{[%clk 1:31:58]} 14. b3 {[%clk 1:23:28]} c5 {[%clk 1:23:30]} 15. d5
{[%clk 1:15:57]} Bf6 {[%clk 1:23:31]} 16. Rb1 {[%clk 1:16:19]} Bc8
{[%clk 1:11:13]} 17. Nf1 {[%clk 1:15:35]} Nb7 {[%clk 1:06:43]} 18. N1h2
{[%clk 1:10:13]} Ne5 {[%clk 1:05:03]} 19. Nxe5 {[%clk 0:56:46]} dxe5
{[%clk 0:59:56]} 20. f4 {[%clk 0:48:47]} Nd6 {[%clk 0:54:59]} 21. Nf3
{[%clk 0:48:23]} exf4 {[%clk 0:44:16]} 22. e5 {[%clk 0:48:10]} Bh4
{[%clk 0:44:34]} 23. Rf1 {[%clk 0:38:32]} Nf5 {[%clk 0:42:57]} 24. Bxf4
{[%clk 0:38:13]} Bg3 {[%clk 0:38:51]} 25. Qd2 {[%clk 0:35:30]} g6
{[%clk 0:37:55]} 26. Bg5 {[%clk 0:34:47]} Qb6 {[%clk 0:31:37]} 27. Bxf5
{[%clk 0:17:43]} Bxf5 {[%clk 0:31:42]} 28. Bf6 {[%clk 0:17:04]} Bxe5
{[%clk 0:27:38]} 29. Bxe5 {[%clk 0:16:08]} f6 {[%clk 0:23:48]} 30. Bg3
{[%clk 0:14:10]} Bxb1 {[%clk 0:23:58]} 31. Rxb1 {[%clk 0:14:35]} Rad8
{[%clk 0:22:35]} 32. Kh1 {[%clk 0:14:01]} Rd7 {[%clk 0:18:45]} 33. d6
{[%clk 0:14:25]} Qc6 {[%clk 0:18:55]} 34. Rc1 {[%clk 0:14:40]} Re4
{[%clk 0:18:09]} 35. Qc3 {[%clk 0:14:14]} Kf7 {[%clk 0:17:05]} 36. Rf1
{[%clk 0:14:00]} Kg7 {[%clk 0:14:28]} 37. Ng5 {[%clk 0:13:54]} Rd4
{[%clk 0:14:39]} 38. Ne6+ {[%clk 0:14:23]} 1-0

[Event "WCO 2016"]
[Site "?"]
[Date "2016.09.11"]
[Round "9"]
[Board "32"]
[WhiteID "402060"]
[White "Sands David A"]
[BlackID "4900880"]
[Black "Battulga Namkhai"]
[Result "1/2-1/2"]
[BlackElo "2402"]
[WhiteElo "2122"]
[LiveChessVersion "1.4.8"]

1. d4 {[%clk 1:30:56]} d5 {[%clk 1:30:49]} 2. Nf3 {[%clk 1:31:13]} Nf6
{[%clk 1:31:12]} 3. c4 {[%clk 1:31:35]} c6 {[%clk 1:31:36]} 4. e3
{[%clk 1:31:55]} e6 {[%clk 1:32:00]} 5. b3 {[%clk 1:31:48]} a5 {[%clk 1:31:45]}
6. a3 {[%clk 1:29:23]} c5 {[%clk 1:29:55]} 7. cxd5 {[%clk 1:13:00]} Nxd5
{[%clk 1:24:55]} 8. Be2 {[%clk 1:09:55]} Be7 {[%clk 1:23:13]} 9. O-O
{[%clk 1:08:26]} Nc6 {[%clk 1:23:37]} 10. Bb2 {[%clk 1:08:39]} O-O
{[%clk 1:22:57]} 11. dxc5 {[%clk 1:05:36]} Bxc5 {[%clk 1:23:17]} 12. Nbd2
{[%clk 1:02:16]} Qe7 {[%clk 1:22:40]} 13. Ne4 {[%clk 0:59:06]} Bb6
{[%clk 1:22:44]} 14. Rc1 {[%clk 0:57:48]} Rd8 {[%clk 1:21:10]} 15. Qc2
{[%clk 0:57:19]} Bd7 {[%clk 1:09:30]} 16. Qb1 {[%clk 0:54:43]} Be8
{[%clk 0:56:59]} 17. Nc3 {[%clk 0:44:29]} Bc5 {[%clk 0:52:05]} 18. Qa1
{[%clk 0:40:24]} Nxc3 {[%clk 0:51:52]} 19. Rxc3 {[%clk 0:40:36]} f6
{[%clk 0:52:14]} 20. Rfc1 {[%clk 0:35:53]} Bd6 {[%clk 0:50:38]} 21. h3
{[%clk 0:31:57]} Bg6 {[%clk 0:46:24]} 22. Rc4 {[%clk 0:30:08]} Rd7
{[%clk 0:35:07]} 23. Nd4 {[%clk 0:26:52]} Nxd4 {[%clk 0:34:45]} 24. Rxd4
{[%clk 0:27:11]} Rad8 {[%clk 0:34:22]} 25. Bb5 {[%clk 0:23:27]} Rc7
{[%clk 0:34:20]} 26. Rxc7 {[%clk 0:23:44]} Qxc7 {[%clk 0:34:09]} 27. Bc4
{[%clk 0:23:17]} Kf7 {[%clk 0:30:45]} 28. Qd1 {[%clk 0:20:26]} Ke7
{[%clk 0:30:44]} 29. a4 {[%clk 0:12:42]} e5 {[%clk 0:29:52]} 30. Rd2
{[%clk 0:12:44]} Bb4 {[%clk 0:26:08]} 31. Rxd8 {[%clk 0:12:11]} Qxd8
{[%clk 0:26:36]} 32. Qxd8+ {[%clk 0:12:25]} Kxd8 {[%clk 0:27:04]} 33. Kf1
{[%clk 0:12:30]} Ke7 {[%clk 0:26:39]} 34. Ke2 {[%clk 0:07:17]} Kd6
{[%clk 0:27:03]} 35. f3 {[%clk 0:05:08]} Kc5 {[%clk 0:17:06]} 36. Bg8
{[%clk 0:03:40]} Bb1 {[%clk 0:16:34]} 37. e4 {[%clk 0:02:32]} b5 {[%clk 0:13:08]}
38. axb5 {[%clk 0:01:49]} Bc2 {[%clk 0:13:37]} 39. Bc1 {[%clk 0:01:24]} Kxb5
{[%clk 0:13:33]} 40. Bc4+ {[%clk 0:31:04]} Kc6 {[%clk 0:43:53]} 41. Bd2
{[%clk 0:29:19]} Kc5 {[%clk 0:44:12]} 42. Be3+ {[%clk 0:29:41]} Kd6
{[%clk 0:44:39]} 43. Bd2 {[%clk 0:29:39]} Kc5 {[%clk 0:43:06]} 44. Be3+
{[%clk 0:29:09]} Kd6 {[%clk 0:43:29]} 45. Bd2 Kc5 1/2-1/2

[Event "WCO 2016"]
[Site "?"]
[Date "2016.09.11"]
[Round "9"]
[Board "33"]
[WhiteID "11000120"]
[White "Makoto Rodwell"]
[BlackID "14403803"]
[Black "Kadric Denis"]
[Result "0-1"]
[BlackElo "2583"]
[WhiteElo "2405"]
[LiveChessVersion "1.4.8"]

1. Nf3 {[%clk 1:29:35]} g6 {[%clk 1:30:55]} 2. c4 {[%clk 1:29:57]} Bg7
{[%clk 1:31:22]} 3. g3 {[%clk 1:30:15]} d6 {[%clk 1:31:28]} 4. d4
{[%clk 1:30:37]} Nd7 {[%clk 1:31:53]} 5. Bg2 {[%clk 1:30:56]} e5 {[%clk 1:32:21]}
6. Nc3 {[%clk 1:31:01]} Nh6 {[%clk 1:32:48]} 7. c5 {[%clk 1:30:52]} O-O
{[%clk 1:27:39]} 8. cxd6 {[%clk 1:30:24]} cxd6 {[%clk 1:28:06]} 9. e4
{[%clk 1:28:51]} f6 {[%clk 1:18:41]} 10. O-O {[%clk 1:26:46]} Nf7
{[%clk 1:19:08]} 11. Be3 {[%clk 1:25:46]} Bh6 {[%clk 1:13:12]} 12. Bxh6
{[%clk 1:22:43]} Nxh6 {[%clk 1:13:40]} 13. Rc1 {[%clk 1:23:06]} Nf7
{[%clk 1:10:41]} 14. Qb3 {[%clk 1:19:53]} Nb8 {[%clk 0:54:21]} 15. Rfd1
{[%clk 1:18:29]} Nc6 {[%clk 0:52:40]} 16. h3 {[%clk 1:05:59]} Kg7
{[%clk 0:50:03]} 17. Rd2 {[%clk 1:04:30]} Na5 {[%clk 0:45:07]} 18. Qb4
{[%clk 1:03:47]} Nc6 {[%clk 0:45:34]} 19. Qa3 {[%clk 1:01:19]} a6
{[%clk 0:39:24]} 20. dxe5 {[%clk 0:55:55]} fxe5 {[%clk 0:39:52]} 21. Nb5
{[%clk 0:55:29]} Ng5 {[%clk 0:32:37]} 22. Nxd6 {[%clk 0:45:34]} Nxf3+
{[%clk 0:32:37]} 23. Bxf3 {[%clk 0:45:02]} Qg5 {[%clk 0:32:05]} 24. Rdc2
{[%clk 0:24:51]} Bxh3 {[%clk 0:31:44]} 25. Bg2 {[%clk 0:21:41]} Qh5
{[%clk 0:24:57]} 26. Nxb7 {[%clk 0:16:42]} Nd4 {[%clk 0:25:25]} 27. Rc7+
{[%clk 0:10:26]} Kg8 {[%clk 0:25:50]} 28. Qe7 {[%clk 0:04:59]} Ne2+
{[%clk 0:26:04]} 29. Kf1 {[%clk 0:05:19]} Nxg3+ {[%clk 0:26:32]} 30. Kg1
{[%clk 0:05:45]} Ne2+ {[%clk 0:21:40]} 31. Kf1 {[%clk 0:06:04]} Bxg2+
{[%clk 0:20:37]} 32. Ke1 {[%clk 0:06:30]} Qh1+ {[%clk 0:21:05]} 33. Kxe2
{[%clk 0:06:24]} Bf3+ {[%clk 0:21:33]} 34. Kd2 {[%clk 0:03:12]} Qh6+
{[%clk 0:21:52]} 35. Kd3 {[%clk 0:02:58]} Rae8 {[%clk 0:22:10]} 36. Qd7
{[%clk 0:02:38]} Bxe4+ {[%clk 0:21:27]} 37. Ke2 {[%clk 0:01:44]} Rxf2+
{[%clk 0:19:34]} 38. Kxf2 {[%clk 0:01:28]} Rf8+ {[%clk 0:20:01]} 39. Ke2
{[%clk 0:01:19]} Qh2+ {[%clk 0:20:25]} 0-1

[Event "WCO 2016"]
[Site "?"]
[Date "2016.09.11"]
[Round "9"]
[Board "34"]
[WhiteID "922692"]
[White "Stojanovic Dalibor"]
[BlackID "11000430"]
[Black "Mandizha Farai"]
[Result "1/2-1/2"]
[BlackElo "2363"]
[WhiteElo "2505"]
[LiveChessVersion "1.4.8"]

1. e4 c5 {[%clk 1:30:55]} 2. Nf3 {[%clk 1:31:00]} d6 {[%clk 1:31:19]} 3. d4
{[%clk 1:30:15]} cxd4 {[%clk 1:31:47]} 4. Nxd4 {[%clk 1:30:39]} Nf6
{[%clk 1:32:14]} 5. Nc3 {[%clk 1:31:02]} a6 {[%clk 1:32:40]} 6. Be2
{[%clk 1:29:33]} e5 {[%clk 1:32:42]} 7. Nb3 {[%clk 1:29:33]} Be7 {[%clk 1:33:04]}
8. Be3 {[%clk 1:26:47]} Be6 {[%clk 1:33:23]} 9. Nd5 {[%clk 1:26:32]} Nbd7
{[%clk 1:33:50]} 10. Qd3 {[%clk 1:26:50]} Bxd5 {[%clk 1:33:38]} 11. exd5
{[%clk 1:27:15]} O-O {[%clk 1:33:49]} 12. g4 {[%clk 1:22:46]} Nc5
{[%clk 1:30:52]} 13. Nxc5 {[%clk 1:23:04]} dxc5 {[%clk 1:31:20]} 14. O-O-O
{[%clk 1:22:59]} e4 {[%clk 1:27:00]} 15. Qd2 {[%clk 1:16:45]} Bd6
{[%clk 1:26:57]} 16. h4 {[%clk 1:12:43]} b5 {[%clk 1:24:58]} 17. g5
{[%clk 1:01:38]} Nd7 {[%clk 1:25:24]} 18. h5 {[%clk 1:02:03]} f5 {[%clk 1:24:00]}
19. gxf6 {[%clk 0:52:11]} Qxf6 {[%clk 1:23:44]} 20. Rhg1 {[%clk 0:50:13]} Ne5
{[%clk 1:23:03]} 21. Rg5 {[%clk 0:46:32]} b4 {[%clk 1:17:06]} 22. Rdg1
{[%clk 0:39:56]} Rf7 {[%clk 1:15:57]} 23. Kb1 {[%clk 0:38:45]} a5
{[%clk 1:14:33]} 24. c4 {[%clk 0:36:12]} a4 {[%clk 1:05:32]} 25. Qc2
{[%clk 0:30:27]} b3 {[%clk 0:55:25]} 26. axb3 {[%clk 0:30:45]} axb3
{[%clk 0:45:24]} 27. Qxb3 {[%clk 0:29:08]} Nd3 {[%clk 0:42:51]} 28. Bxd3
{[%clk 0:28:48]} Rb8 {[%clk 0:41:47]} 29. Qxb8+ {[%clk 0:28:09]} Bxb8
{[%clk 0:41:48]} 30. Bxe4 {[%clk 0:28:37]} Be5 {[%clk 0:11:53]} 31. Rf5
{[%clk 0:18:13]} Qd6 {[%clk 0:12:06]} 32. Rxf7 {[%clk 0:18:25]} Kxf7
{[%clk 0:12:31]} 33. Bxh7 {[%clk 0:18:48]} Qb6 {[%clk 0:12:36]} 34. Bc1
{[%clk 0:18:49]} Qb3 {[%clk 0:11:24]} 35. Re1 {[%clk 0:17:49]} Bd6
{[%clk 0:03:23]} 36. Bg6+ {[%clk 0:12:32]} Kg8 {[%clk 0:03:51]} 37. Bf4
{[%clk 0:05:26]} Bf8 {[%clk 0:03:58]} 38. Rc1 {[%clk 0:04:45]} Be7
{[%clk 0:01:37]} 39. Be5 {[%clk 0:02:05]} Qf3 {[%clk 0:00:58]} 40. Bg3
{[%clk 0:31:39]} Qe2 {[%clk 0:30:45]} 41. Bc7 {[%clk 0:19:50]} Qxf2
{[%clk 0:29:13]} 42. Rc2 {[%clk 0:17:44]} Qe1+ {[%clk 0:25:44]} 43. Ka2
{[%clk 0:18:05]} Bf6 {[%clk 0:25:38]} 44. Bf4 {[%clk 0:14:58]} Qa5+
{[%clk 0:24:28]} 45. Kb1 {[%clk 0:15:24]} Qe1+ {[%clk 0:24:10]} 46. Bc1
{[%clk 0:15:51]} Be5 {[%clk 0:23:36]} 47. b3 {[%clk 0:12:26]} Kf8
{[%clk 0:20:13]} 48. d6 {[%clk 0:06:51]} Bxd6 {[%clk 0:19:36]} 49. Rd2
{[%clk 0:06:46]} Be7 {[%clk 0:19:36]} 50. Kc2 {[%clk 0:05:55]} Bf6
{[%clk 0:17:52]} 51. Rd3 {[%clk 0:05:50]} Bd4 {[%clk 0:16:35]} 52. Bd2
{[%clk 0:05:35]} Qa1 {[%clk 0:15:58]} 53. Bc3 {[%clk 0:01:40]} Qa2+
{[%clk 0:15:54]} 54. Kc1 {[%clk 0:01:52]} 1/2-1/2

[Event "WCO 2016"]
[Site "?"]
[Date "2016.09.11"]
[Round "9"]
[Board "35"]
[WhiteID "14300753"]
[White "Masango Spencer"]
[BlackID "14400049"]
[Black "Dizdarevic Emir"]
[Result "0-1"]
[BlackElo "2460"]
[WhiteElo "2200"]
[LiveChessVersion "1.4.8"]

1. d4 {[%clk 1:30:40]} g6 {[%clk 1:30:13]} 2. c4 {[%clk 1:29:46]} Bg7
{[%clk 1:29:36]} 3. Nf3 {[%clk 1:29:02]} d6 {[%clk 1:28:35]} 4. e4
{[%clk 1:28:11]} Bg4 {[%clk 1:25:29]} 5. Be2 {[%clk 1:26:27]} Nc6
{[%clk 1:23:24]} 6. Be3 {[%clk 1:26:24]} Bxf3 {[%clk 1:17:35]} 7. Bxf3
{[%clk 1:26:06]} e5 {[%clk 1:17:59]} 8. d5 {[%clk 1:25:04]} Nd4 {[%clk 1:18:23]}
9. O-O {[%clk 1:22:51]} Ne7 {[%clk 1:16:38]} 10. Nd2 {[%clk 1:16:22]} O-O
{[%clk 1:11:31]} 11. b4 {[%clk 1:11:28]} a5 {[%clk 1:02:26]} 12. b5
{[%clk 1:11:23]} a4 {[%clk 0:54:34]} 13. Rb1 {[%clk 1:06:54]} Nc8
{[%clk 0:51:25]} 14. Bg4 {[%clk 1:05:16]} Nb6 {[%clk 0:50:54]} 15. Bxd4
{[%clk 1:03:32]} exd4 {[%clk 0:51:16]} 16. Qe2 {[%clk 1:01:51]} a3
{[%clk 0:45:25]} 17. Nb3 {[%clk 0:48:32]} Na4 {[%clk 0:45:23]} 18. Qc2
{[%clk 0:46:54]} Re8 {[%clk 0:41:35]} 19. Rbe1 {[%clk 0:45:03]} Nc3
{[%clk 0:35:17]} 20. Nd2 {[%clk 0:35:06]} Qb8 {[%clk 0:30:48]} 21. Be2
{[%clk 0:34:30]} Qa7 {[%clk 0:26:16]} 22. Bd3 {[%clk 0:33:37]} Qa4
{[%clk 0:24:09]} 23. Nb3 {[%clk 0:33:14]} c6 {[%clk 0:23:30]} 24. bxc6
{[%clk 0:27:17]} bxc6 {[%clk 0:23:55]} 25. dxc6 {[%clk 0:21:09]} Qxc6
{[%clk 0:21:33]} 26. f4 {[%clk 0:18:16]} Ra7 {[%clk 0:15:31]} 27. Kh1
{[%clk 0:17:05]} Rae7 {[%clk 0:15:28]} 28. f5 {[%clk 0:11:04]} Nxe4
{[%clk 0:13:32]} 29. f6 {[%clk 0:06:40]} Nxf6 {[%clk 0:10:08]} 30. Nxd4
{[%clk 0:05:51]} Qb6 {[%clk 0:09:30]} 31. Rxe7 {[%clk 0:06:07]} Rxe7
{[%clk 0:09:56]} 32. Nb5 {[%clk 0:04:48]} Qc5 {[%clk 0:07:16]} 33. Qf2
{[%clk 0:01:07]} Ng4 {[%clk 0:03:31]} 34. Qxc5 {[%clk 0:00:59]} dxc5
{[%clk 0:03:59]} 35. h3 {[%clk 0:00:40]} Ne5 {[%clk 0:02:57]} 36. Be2
{[%clk 0:00:53]} Rd7 {[%clk 0:00:47]} 37. Nxa3 {[%clk 0:00:57]} Rd2
{[%clk 0:00:59]} 38. Re1 {[%clk 0:00:44]} Rxa2 {[%clk 0:01:20]} 39. Nb5
{[%clk 0:01:04]} h5 {[%clk 0:01:32]} 40. Nd6 {[%clk 0:31:00]} Bf8
{[%clk 0:30:47]} 41. Ne4 {[%clk 0:26:36]} Kg7 {[%clk 0:30:25]} 42. Bf1
{[%clk 0:26:16]} Nc6 {[%clk 0:26:36]} 43. Rb1 {[%clk 0:24:15]} Ra7
{[%clk 0:22:46]} 44. Rb6 {[%clk 0:20:17]} Nd4 {[%clk 0:22:58]} 45. Bd3
{[%clk 0:17:17]} Be7 {[%clk 0:20:11]} 46. Kg1 {[%clk 0:12:31]} h4
{[%clk 0:18:13]} 47. Nd2 {[%clk 0:08:53]} Ra3 {[%clk 0:15:49]} 48. Be4
{[%clk 0:05:08]} Re3 {[%clk 0:15:11]} 49. Bf3 {[%clk 0:03:55]} Rd3
{[%clk 0:12:23]} 50. Rb2 {[%clk 0:00:43]} Bf6 {[%clk 0:08:55]} 51. Ra2
{[%clk 0:00:36]} Nf5 {[%clk 0:09:01]} 52. Ne4 {[%clk 0:00:38]} Bd4+
{[%clk 0:09:01]} 53. Kf1 {[%clk 0:00:53]} Rb3 {[%clk 0:08:34]} 54. Ra7
{[%clk 0:01:11]} Re3 {[%clk 0:07:27]} 55. Rd7 {[%clk 0:00:32]} Rxe4
{[%clk 0:07:27]} 56. Bxe4 {[%clk 0:00:47]} Ng3+ {[%clk 0:07:51]} 57. Ke1
{[%clk 0:01:08]} Nxe4 {[%clk 0:08:03]} 58. Ke2 {[%clk 0:01:28]} Kf6
{[%clk 0:07:15]} 59. Kd3 {[%clk 0:01:52]} Ng3 {[%clk 0:06:38]} 60. Rd5
{[%clk 0:01:58]} Ke7 {[%clk 0:06:24]} 61. Kd2 {[%clk 0:01:49]} Ne4+
{[%clk 0:06:01]} 62. Kd3 {[%clk 0:01:59]} f5 {[%clk 0:06:20]} 0-1

[Event "WCO 2016"]
[Site "?"]
[Date "2016.09.11"]
[Round "9"]
[Board "36"]
[WhiteID "14402661"]
[White "Marjanovic Dejan"]
[BlackID "11000449"]
[Black "Chimbamu Elisha"]
[Result "1-0"]
[BlackElo "2114"]
[WhiteElo "2432"]
[LiveChessVersion "1.4.8"]

1. d4 {[%clk 1:30:57]} Nf6 {[%clk 1:30:50]} 2. c4 {[%clk 1:31:21]} e6
{[%clk 1:31:14]} 3. Nf3 {[%clk 1:31:42]} d5 {[%clk 1:31:39]} 4. g3
{[%clk 1:30:53]} c5 {[%clk 1:32:00]} 5. cxd5 {[%clk 1:31:10]} exd5
{[%clk 1:32:21]} 6. Bg2 {[%clk 1:31:30]} Nc6 {[%clk 1:32:33]} 7. O-O
{[%clk 1:31:28]} Be7 {[%clk 1:32:36]} 8. dxc5 {[%clk 1:26:19]} Bxc5
{[%clk 1:22:16]} 9. Nfd2 {[%clk 1:24:18]} O-O {[%clk 1:20:06]} 10. Nc3
{[%clk 1:21:50]} d4 {[%clk 1:09:33]} 11. Na4 {[%clk 1:14:10]} Be7
{[%clk 1:07:16]} 12. Nb3 {[%clk 1:13:34]} Bg4 {[%clk 0:57:36]} 13. Bxc6
{[%clk 1:09:23]} bxc6 {[%clk 0:57:52]} 14. Nxd4 {[%clk 1:09:42]} Qd7
{[%clk 0:55:25]} 15. Nf3 {[%clk 1:07:20]} Qf5 {[%clk 0:52:50]} 16. Nh4
{[%clk 1:00:45]} Qh5 {[%clk 0:47:16]} 17. f3 {[%clk 1:00:51]} Be6
{[%clk 0:47:17]} 18. Ng2 {[%clk 0:59:57]} Rfd8 {[%clk 0:46:10]} 19. Qc2
{[%clk 0:56:37]} Qa5 {[%clk 0:41:21]} 20. e4 {[%clk 0:54:22]} Rd4
{[%clk 0:33:45]} 21. b3 {[%clk 0:51:18]} Rad8 {[%clk 0:29:05]} 22. Nf4
{[%clk 0:48:44]} Bc8 {[%clk 0:26:06]} 23. Be3 {[%clk 0:48:31]} R4d7
{[%clk 0:24:32]} 24. Rfd1 {[%clk 0:46:28]} g5 {[%clk 0:21:47]} 25. Rxd7
{[%clk 0:45:02]} Nxd7 {[%clk 0:14:10]} 26. Nd3 {[%clk 0:39:48]} Ba6
{[%clk 0:13:56]} 27. Rd1 {[%clk 0:39:29]} Bxd3 {[%clk 0:06:14]} 28. Rxd3
{[%clk 0:37:14]} Ne5 {[%clk 0:05:38]} 29. Rxd8+ {[%clk 0:37:30]} Bxd8
{[%clk 0:05:53]} 30. Kg2 {[%clk 0:31:43]} g4 {[%clk 0:05:23]} 31. fxg4
{[%clk 0:31:46]} Nxg4 {[%clk 0:05:41]} 32. Qd2 {[%clk 0:24:53]} Nxe3+
{[%clk 0:04:50]} 33. Qxe3 {[%clk 0:25:09]} Bg5 {[%clk 0:03:58]} 34. Qc3
{[%clk 0:18:23]} Qa6 {[%clk 0:03:28]} 35. Qc2 {[%clk 0:17:53]} Qb5
{[%clk 0:02:51]} 36. Nb2 {[%clk 0:17:04]} Bf6 {[%clk 0:02:31]} 37. Nc4
{[%clk 0:16:25]} Qc5 {[%clk 0:02:35]} 38. Qd2 {[%clk 0:15:43]} Qh5
{[%clk 0:02:13]} 39. Qf2 {[%clk 0:14:27]} Kg7 {[%clk 0:02:08]} 40. Ne3
{[%clk 0:41:40]} Qe5 {[%clk 0:30:57]} 41. Nf5+ {[%clk 0:40:01]} Kg6
{[%clk 0:27:59]} 42. Qe2 {[%clk 0:39:19]} h5 {[%clk 0:23:47]} 43. h4
{[%clk 0:38:58]} Bd8 {[%clk 0:22:09]} 44. Qe3 {[%clk 0:39:01]} Qb2+
{[%clk 0:21:14]} 45. Kh3 {[%clk 0:39:20]} Qh8 {[%clk 0:20:06]} 46. Qc1
{[%clk 0:39:32]} Kh7 {[%clk 0:17:38]} 47. Qh6+ {[%clk 0:39:47]} Kg8
{[%clk 0:18:03]} 48. Qxc6 {[%clk 0:39:41]} Qa1 {[%clk 0:18:01]} 49. Qe8+
{[%clk 0:40:02]} Kh7 {[%clk 0:18:19]} 50. Qxf7+ {[%clk 0:40:27]} Kh8
{[%clk 0:18:30]} 51. Qxh5+ {[%clk 0:40:52]} Kg8 {[%clk 0:18:52]} 52. Qe8+
{[%clk 0:40:37]} Kh7 {[%clk 0:19:15]} 53. Qd7+ {[%clk 0:41:05]} Kg6
{[%clk 0:19:11]} 54. h5+ {[%clk 0:41:28]} Kxh5 {[%clk 0:19:02]} 55. Qh7+
{[%clk 0:41:50]} 1-0

[Event "WCO 2016"]
[Site "?"]
[Date "2016.09.11"]
[Round "9"]
[Board "33"]
[WhiteID "8100160"]
[White "Aboudi Marwan"]
[BlackID "2905710"]
[Black "Nikolov Momchil"]
[Result "0-1"]
[BlackElo "2585"]
[WhiteElo "2209"]
[LiveChessVersion "1.4.8"]

1. e4 {[%clk 1:30:56]} c5 {[%clk 1:30:53]} 2. c3 {[%clk 1:31:14]} Nf6
{[%clk 1:29:06]} 3. e5 {[%clk 1:31:23]} Nd5 {[%clk 1:29:29]} 4. d4
{[%clk 1:31:47]} e6 {[%clk 1:29:31]} 5. Nf3 {[%clk 1:31:11]} cxd4
{[%clk 1:29:50]} 6. cxd4 {[%clk 1:31:27]} d6 {[%clk 1:30:04]} 7. Bc4
{[%clk 1:30:51]} Nb6 {[%clk 1:29:59]} 8. Bb3 {[%clk 1:27:16]} dxe5
{[%clk 1:30:11]} 9. Nxe5 {[%clk 1:25:54]} Nc6 {[%clk 1:29:55]} 10. Qf3
{[%clk 1:25:08]} Qc7 {[%clk 1:17:42]} 11. Nxc6 {[%clk 1:25:22]} Qxc6
{[%clk 1:17:56]} 12. Qxc6+ {[%clk 1:25:24]} bxc6 {[%clk 1:18:23]} 13. O-O
{[%clk 1:25:03]} Ba6 {[%clk 1:18:02]} 14. Rd1 {[%clk 1:24:19]} Bc4
{[%clk 1:17:23]} 15. Bxc4 {[%clk 1:23:05]} Nxc4 {[%clk 1:17:45]} 16. Nd2
{[%clk 1:23:03]} Nb6 {[%clk 1:14:33]} 17. Nb3 {[%clk 1:12:40]} Nd5
{[%clk 1:13:16]} 18. Bd2 {[%clk 1:07:29]} Kd7 {[%clk 1:08:46]} 19. Rdc1
{[%clk 1:01:43]} Bd6 {[%clk 1:08:29]} 20. Na5 {[%clk 0:54:10]} Rhc8
{[%clk 1:07:06]} 21. Rc2 {[%clk 0:46:12]} Rc7 {[%clk 1:00:01]} 22. Rac1
{[%clk 0:43:06]} Rac8 {[%clk 1:00:00]} 23. a3 {[%clk 0:41:49]} c5
{[%clk 0:42:19]} 24. dxc5 {[%clk 0:41:35]} Bxc5 {[%clk 0:42:45]} 25. Kf1
{[%clk 0:41:27]} f6 {[%clk 0:41:30]} 26. Nb3 {[%clk 0:38:47]} Bb6
{[%clk 0:32:12]} 27. Rxc7+ {[%clk 0:38:31]} Rxc7 {[%clk 0:32:03]} 28. Rxc7+
{[%clk 0:38:49]} Kxc7 {[%clk 0:32:30]} 29. Ke2 {[%clk 0:36:50]} Kd6
{[%clk 0:28:28]} 30. f3 {[%clk 0:26:10]} Ke5 {[%clk 0:23:14]} 31. g3
{[%clk 0:20:00]} h5 {[%clk 0:21:14]} 32. Na1 {[%clk 0:16:26]} Bd4
{[%clk 0:07:42]} 33. Bc1 {[%clk 0:16:17]} Bg1 {[%clk 0:08:05]} 34. h3
{[%clk 0:15:40]} h4 {[%clk 0:06:52]} 35. gxh4 {[%clk 0:14:12]} Nf4+
{[%clk 0:06:35]} 36. Kf1 {[%clk 0:11:55]} Bb6 {[%clk 0:04:46]} 37. b4
{[%clk 0:09:16]} Nxh3 {[%clk 0:04:06]} 38. Nb3 {[%clk 0:02:23]} Ng1
{[%clk 0:02:22]} 39. Kg2 {[%clk 0:01:58]} Ne2 {[%clk 0:02:36]} 40. Bb2+
{[%clk 0:31:55]} Kd5 {[%clk 0:32:26]} 41. Nd2 {[%clk 0:29:25]} e5
{[%clk 0:27:19]} 42. a4 {[%clk 0:27:50]} f5 {[%clk 0:25:20]} 43. a5
{[%clk 0:17:48]} Bd8 {[%clk 0:24:11]} 44. Kh3 {[%clk 0:17:00]} g6
{[%clk 0:22:44]} 45. Ba3 {[%clk 0:12:07]} Be7 {[%clk 0:19:05]} 46. Nb1
{[%clk 0:12:07]} Bd8 {[%clk 0:15:13]} 47. Bb2 {[%clk 0:10:15]} Nf4+
{[%clk 0:15:00]} 48. Kg3 {[%clk 0:10:17]} Nd3 {[%clk 0:15:06]} 49. Bc3
{[%clk 0:10:37]} Kc4 {[%clk 0:15:12]} 0-1